[Event "XLIV Memoriał Szachowy Ludwika Zamenhofa 2025, Grupa A"]
[Site "Białystok, Poland"]
[Date "2025.12.30"]
[Round "7.18"]
[White "Korszanski, Stanislaw"]
[Black "Haladaj, Adam"]
[Result "1/2-1/2"]
[TimeControl "90'+30\""]
[WhiteElo "2187"]
[BlackElo "2062"]

1. e4 {[%clk 01:30:26]} {[%emt 00:00:34]} c6 {[%clk 01:30:54]} {[%emt
00:00:07]} 2. d4 {[%clk 01:30:38]} {[%emt 00:00:18]} d5 {[%clk 01:31:20]}
{[%emt 00:00:04]} 3. exd5 {[%clk 01:31:04]} {[%emt 00:00:04]} cxd5 {[%clk
01:31:47]} {[%emt 00:00:03]} 4. c4 {[%clk 01:31:29]} {[%emt 00:00:04]} Nf6
{[%clk 01:32:10]} {[%emt 00:00:08]} 5. Nc3 {[%clk 01:31:56]} {[%emt 00:00:03]}
Nc6 {[%clk 01:32:35]} {[%emt 00:00:05]} 6. cxd5 {[%clk 01:32:23]} {[%emt
00:00:03]} Nxd5 {[%clk 01:32:58]} {[%emt 00:00:06]} 7. Bc4 {[%clk 01:32:50]}
{[%emt 00:00:03]} Be6 {[%clk 01:25:44]} {[%emt 00:07:45]} 8. Bb3 {[%clk
01:26:50]} {[%emt 00:06:29]} g6 {[%clk 01:19:43]} {[%emt 00:06:31]} 9. Nf3
{[%clk 01:24:51]} {[%emt 00:02:28]} Bg7 {[%clk 01:15:40]} {[%emt 00:04:34]} 10.
O-O {[%clk 01:22:55]} {[%emt 00:02:25]} O-O {[%clk 01:16:01]} {[%emt 00:00:09]}
11. h3 {[%clk 01:11:39]} {[%emt 00:11:47]} h6 {[%clk 01:00:06]} {[%emt
00:16:25]} 12. Re1 {[%clk 01:09:37]} {[%emt 00:02:32]} Rc8 {[%clk 00:45:12]}
{[%emt 00:15:25]} 13. Bc2 {[%clk 01:04:03]} {[%emt 00:06:04]} Nxc3 {[%clk
00:41:09]} {[%emt 00:04:33]} 14. bxc3 {[%clk 01:02:58]} {[%emt 00:01:35]} Bd5
{[%clk 00:40:14]} {[%emt 00:01:25]} 15. Qd3 {[%clk 01:01:15]} {[%emt 00:02:12]}
Bxf3 {[%clk 00:36:46]} {[%emt 00:03:58]} 16. gxf3 {[%clk 01:01:23]} {[%emt
00:00:22]} Qc7 {[%clk 00:31:15]} {[%emt 00:06:01]} 17. Bb3 {[%clk 00:53:09]}
{[%emt 00:08:45]} e6 {[%clk 00:29:06]} {[%emt 00:02:39]} 18. Re4 {[%clk
00:47:32]} {[%emt 00:06:07]} Na5 {[%clk 00:26:30]} {[%emt 00:03:06]} 19. Bd2
{[%clk 00:45:35]} {[%emt 00:02:26]} Rfd8 {[%clk 00:21:38]} {[%emt 00:05:22]} 20.
Rae1 {[%clk 00:42:34]} {[%emt 00:03:32]} Nxb3 {[%clk 00:21:32]} {[%emt
00:00:36]} 21. axb3 {[%clk 00:43:02]} {[%emt 00:00:01]} Qb6 {[%clk 00:20:48]}
{[%emt 00:01:13]} 22. b4 {[%clk 00:42:45]} {[%emt 00:00:49]} Rd5 {[%clk
00:19:14]} {[%emt 00:02:04]} 23. Rc1 {[%clk 00:35:34]} {[%emt 00:07:43]} Qd8
{[%clk 00:17:31]} {[%emt 00:02:11]} 24. Kg2 {[%clk 00:35:24]} {[%emt 00:00:39]}
Kh7 {[%clk 00:17:17]} {[%emt 00:00:45]} 25. Rg1 {[%clk 00:34:13]} {[%emt
00:01:41]} e5 {[%clk 00:15:46]} {[%emt 00:02:01]} 26. Rge1 {[%clk 00:33:32]}
{[%emt 00:01:10]} b5 {[%clk 00:15:50]} {[%emt 00:00:26]} 27. Bc1 {[%clk
00:25:04]} {[%emt 00:08:59]} Rc4 {[%clk 00:11:47]} {[%emt 00:04:33]} 28. Qe3
{[%clk 00:11:58]} {[%emt 00:13:36]} exd4 {[%clk 00:09:58]} {[%emt 00:02:19]} 29.
cxd4 {[%clk 00:12:23]} {[%emt 00:00:04]} Rcxd4 {[%clk 00:09:02]} {[%emt
00:01:27]} 30. Re7 {[%clk 00:12:36]} {[%emt 00:00:17]} Rd7 {[%clk 00:08:25]}
{[%emt 00:01:07]} 31. Bb2 {[%clk 00:11:30]} {[%emt 00:01:36]} Rd3 {[%clk
00:08:29]} {[%emt 00:00:26]} 32. Rxd7 {[%clk 00:10:33]} {[%emt 00:01:26]} Qxd7
{[%clk 00:08:42]} {[%emt 00:00:18]} 33. Qc1 {[%clk 00:10:59]} {[%emt 00:00:04]}
Qf5 {[%clk 00:08:12]} {[%emt 00:00:59]} 34. Re3 {[%clk 00:11:24]} {[%emt
00:00:06]} Qg5+ {[%clk 00:07:33]} {[%emt 00:01:08]} 35. Kf1 {[%clk 00:11:44]}
{[%emt 00:00:11]} Rxe3 {[%clk 00:07:07]} {[%emt 00:00:56]} 36. fxe3 {[%clk
00:12:05]} {[%emt 00:00:08]} Qg3 {[%clk 00:07:05]} {[%emt 00:00:32]} 37. Bxg7
{[%clk 00:12:21]} {[%emt 00:00:14]} Qxf3+ {[%clk 00:07:28]} {[%emt 00:00:07]}
38. Kg1 {[%clk 00:12:47]} {[%emt 00:00:04]} Qg3+ {[%clk 00:07:49]} {[%emt
00:00:09]} 39. Kh1 {[%clk 00:13:11]} {[%emt 00:00:07]} Qxh3+ {[%clk 00:08:07]}
{[%emt 00:00:12]} 40. Kg1 {[%clk 00:13:37]} {[%emt 00:00:03]} Qg4+ {[%clk
00:08:06]} {[%emt 00:00:31]} 41. Kh2 {[%clk 00:13:59]} {[%emt 00:00:07]} Kxg7
{[%clk 00:08:29]} {[%emt 00:00:09]} 42. Qc3+ {[%clk 00:13:40]} {[%emt
00:00:49]} Kh7 {[%clk 00:08:36]} {[%emt 00:00:23]} 43. Qc7 {[%clk 00:13:53]}
{[%emt 00:00:17]} Qe2+ {[%clk 00:08:55]} {[%emt 00:00:10]} 44. Kh1 {[%clk
00:14:19]} {[%emt 00:00:04]} Qf3+ {[%clk 00:09:02]} {[%emt 00:00:22]} 45. Kh2
{[%clk 00:14:45]} {[%emt 00:00:05]} a6 {[%clk 00:09:25]} {[%emt 00:00:08]} 46.
Qa7 {[%clk 00:14:57]} {[%emt 00:00:18]} Qf6 {[%clk 00:09:35]} {[%emt 00:00:20]}
47. Qc7 {[%clk 00:15:13]} {[%emt 00:00:13]} Kg7 {[%clk 00:09:56]} {[%emt
00:00:10]} 48. Qc5 {[%clk 00:15:38]} {[%emt 00:00:04]} h5 {[%clk 00:10:16]}
{[%emt 00:00:11]} 49. Kg2 {[%clk 00:15:56]} {[%emt 00:00:11]} Qe6 {[%clk
00:10:01]} {[%emt 00:00:45]} 50. Qd4+ {[%clk 00:16:19]} {[%emt 00:00:07]} Kh7
{[%clk 00:10:23]} {[%emt 00:00:08]} 51. Qc5 {[%clk 00:16:30]} {[%emt 00:00:18]}
Qg4+ {[%clk 00:08:40]} {[%emt 00:02:15]} 52. Kh2 {[%clk 00:16:52]} {[%emt
00:00:07]} h4 {[%clk 00:08:25]} {[%emt 00:00:44]} 53. Qd5 {[%clk 00:16:38]}
{[%emt 00:00:42]} Qe2+ {[%clk 00:07:27]} {[%emt 00:01:32]} 54. Kg1 {[%clk
00:16:58]} {[%emt 00:00:09]} Qxe3+ {[%clk 00:07:34]} {[%emt 00:00:23]} 55. Kh1
{[%clk 00:17:17]} {[%emt 00:00:10]} Qe1+ {[%clk 00:07:28]} {[%emt 00:00:34]} 56.
Kh2 {[%clk 00:17:38]} {[%emt 00:00:07]} Qf2+ {[%clk 00:07:49]} {[%emt
00:00:15]} 57. Kh1 {[%clk 00:18:04]} {[%emt 00:00:04]} h3 {[%clk 00:08:02]}
{[%emt 00:00:17]} 58. Qh5+ {[%clk 00:18:28]} {[%emt 00:00:06]} Kg8 {[%clk
00:07:53]} {[%emt 00:00:39]} 59. Qh8+ {[%clk 00:18:56]} {[%emt 00:00:02]}
1/2-1/2

[Event "XLIV Memoriał Szachowy Ludwika Zamenhofa 2025, Grupa A"]
[Site "Białystok, Poland"]
[Date "2025.12.30"]
[Round "7.19"]
[White "Ejsymont, Eryk"]
[Black "Kondys, Piotr"]
[Result "1/2-1/2"]
[TimeControl "90'+30\""]
[WhiteElo "2022"]
[BlackElo "2136"]

1. e4 {[%clk 01:30:59]} e5 {[%clk 01:30:47]} {[%emt 00:00:13]} 2. Nf3 {[%clk
01:31:17]} {[%emt 00:00:12]} Nc6 {[%clk 01:31:08]} {[%emt 00:00:09]} 3. Bb5
{[%clk 01:31:43]} {[%emt 00:00:05]} Nge7 {[%clk 01:31:26]} {[%emt 00:00:11]} 4.
O-O {[%clk 01:29:38]} {[%emt 00:02:35]} a6 {[%clk 01:30:37]} {[%emt 00:01:19]}
5. Ba4 {[%clk 01:29:42]} {[%emt 00:00:27]} d6 {[%clk 01:27:54]} {[%emt
00:03:12]} 6. c3 {[%clk 01:29:37]} {[%emt 00:00:35]} g6 {[%clk 01:28:00]}
{[%emt 00:00:23]} 7. Bb3 {[%clk 01:12:55]} {[%emt 00:17:13]} h6 {[%clk
01:23:35]} {[%emt 00:04:54]} 8. d4 {[%clk 01:04:36]} {[%emt 00:08:50]} Bd7
{[%clk 01:20:10]} {[%emt 00:03:55]} 9. Be3 {[%clk 01:01:27]} {[%emt 00:03:39]}
Bg7 {[%clk 01:18:54]} {[%emt 00:01:47]} 10. Ne1 {[%clk 00:48:29]} {[%emt
00:13:26]} exd4 {[%clk 01:01:07]} {[%emt 00:18:18]} 11. cxd4 {[%clk 00:47:55]}
{[%emt 00:01:04]} Na5 {[%clk 01:01:36]} {[%emt 00:00:01]} 12. Nc3 {[%clk
00:45:50]} {[%emt 00:02:35]} O-O {[%clk 00:56:46]} {[%emt 00:05:19]} 13. Rc1
{[%clk 00:43:21]} {[%emt 00:02:59]} b5 {[%clk 00:50:22]} {[%emt 00:06:55]} 14.
Ne2 {[%clk 00:39:58]} {[%emt 00:03:53]} c6 {[%clk 00:41:56]} {[%emt 00:08:56]}
15. Ng3 {[%clk 00:38:16]} {[%emt 00:02:12]} Qb6 {[%clk 00:36:52]} {[%emt
00:05:34]} 16. h4 {[%clk 00:36:09]} {[%emt 00:02:36]} Kh7 {[%clk 00:35:21]}
{[%emt 00:02:01]} 17. f4 {[%clk 00:31:17]} {[%emt 00:05:23]} Nxb3 {[%clk
00:33:48]} {[%emt 00:02:02]} 18. axb3 {[%clk 00:31:40]} {[%emt 00:00:08]} f5
{[%clk 00:33:25]} {[%emt 00:00:53]} 19. h5 {[%clk 00:30:13]} {[%emt 00:01:57]}
fxe4 {[%clk 00:32:06]} {[%emt 00:01:49]} 20. hxg6+ {[%clk 00:29:02]} {[%emt
00:01:42]} Kg8 {[%clk 00:31:31]} {[%emt 00:01:04]} 21. Nc2 {[%clk 00:27:43]}
{[%emt 00:01:50]} Nd5 {[%clk 00:30:07]} {[%emt 00:01:53]} 22. Qd2 {[%clk
00:26:45]} {[%emt 00:01:28]} Bg4 {[%clk 00:26:35]} {[%emt 00:04:01]} 23. Rf2
{[%clk 00:20:24]} {[%emt 00:06:51]} Rae8 {[%clk 00:25:59]} {[%emt 00:01:07]} 24.
Rcf1 {[%clk 00:18:02]} {[%emt 00:02:52]} Bf6 {[%clk 00:14:19]} {[%emt
00:12:10]} 25. f5 {[%clk 00:17:21]} {[%emt 00:01:11]} h5 {[%clk 00:14:35]}
{[%emt 00:00:14]} 26. Bh6 {[%clk 00:12:50]} {[%emt 00:05:01]} Bg7 {[%clk
00:03:12]} {[%emt 00:11:53]} 27. f6 {[%clk 00:11:21]} {[%emt 00:01:59]} Rxf6
{[%clk 00:02:43]} {[%emt 00:00:59]} 28. Bxg7 {[%clk 00:11:09]} {[%emt
00:00:42]} Kxg7 {[%clk 00:02:56]} {[%emt 00:00:16]} 29. Rxf6 {[%clk 00:11:03]}
{[%emt 00:00:37]} Nxf6 {[%clk 00:03:25]} {[%emt 00:00:01]} 30. Rxf6 {[%clk
00:06:10]} {[%emt 00:05:24]} Kxf6 {[%clk 00:03:42]} {[%emt 00:00:12]} 31. Qh6
{[%clk 00:06:37]} {[%emt 00:00:03]} d5 {[%clk 00:01:05]} {[%emt 00:03:07]} 32.
g7+ {[%clk 00:06:34]} {[%emt 00:00:33]} Kf7 {[%clk 00:01:34]} 33. Qh7 {[%clk
00:06:58]} {[%emt 00:00:05]} Rg8 {[%clk 00:01:49]} {[%emt 00:00:15]} 34. Nf5
{[%clk 00:04:46]} {[%emt 00:02:44]} Bxf5 {[%clk 00:02:16]} {[%emt 00:00:02]} 35.
Qxf5+ {[%clk 00:04:58]} {[%emt 00:00:18]} Kxg7 {[%clk 00:02:42]} {[%emt
00:00:04]} 36. Qg5+ {[%clk 00:05:18]} {[%emt 00:00:09]} Kf7 {[%clk 00:02:47]}
{[%emt 00:00:25]} 37. Qf5+ {[%clk 00:05:38]} {[%emt 00:00:11]} Ke7 {[%clk
00:02:31]} {[%emt 00:00:46]} 38. Qh7+ {[%clk 00:06:03]} {[%emt 00:00:05]} Kf8
{[%clk 00:02:56]} {[%emt 00:00:05]} 39. Qf5+ {[%clk 00:06:28]} {[%emt
00:00:04]} Ke7 {[%clk 00:02:49]} {[%emt 00:00:38]} 40. Qh7+ {[%clk 00:06:55]}
{[%emt 00:00:03]} Kf8 {[%clk 00:03:11]} {[%emt 00:00:06]} 1/2-1/2

[Event "XLIV Memoriał Szachowy Ludwika Zamenhofa 2025, Grupa A"]
[Site "Białystok, Poland"]
[Date "2025.12.30"]
[Round "7.20"]
[White "Kiolbasa, Damian"]
[Black "Serafin, Franciszek"]
[Result "1/2-1/2"]
[TimeControl "90'+30\""]
[WhiteElo "2079"]
[BlackElo "2033"]

1. b3 {[%clk 01:27:59]} {[%emt 00:03:01]} Nf6 {[%clk 01:30:26]} {[%emt
00:00:34]} 2. Bb2 {[%clk 01:28:28]} {[%emt 00:00:01]} g6 {[%clk 01:30:41]}
{[%emt 00:00:15]} 3. g3 {[%clk 01:28:51]} {[%emt 00:00:07]} Bg7 {[%clk
01:30:20]} {[%emt 00:00:51]} 4. Bg2 {[%clk 01:29:19]} {[%emt 00:00:01]} O-O
{[%clk 01:30:20]} {[%emt 00:00:31]} 5. Nf3 {[%clk 01:29:45]} {[%emt 00:00:04]}
d5 {[%clk 01:29:07]} {[%emt 00:01:43]} 6. O-O {[%clk 01:30:06]} {[%emt
00:00:09]} c6 {[%clk 01:28:28]} {[%emt 00:01:09]} 7. c4 {[%clk 01:26:28]}
{[%emt 00:04:07]} Bg4 {[%clk 01:26:45]} {[%emt 00:02:14]} 8. Ne5 {[%clk
01:26:49]} {[%emt 00:00:09]} Be6 {[%clk 01:26:59]} {[%emt 00:00:16]} 9. Qc2
{[%clk 01:26:46]} {[%emt 00:00:32]} Nbd7 {[%clk 01:25:35]} {[%emt 00:01:55]} 10.
d3 {[%clk 01:27:09]} {[%emt 00:00:07]} Nxe5 {[%clk 01:22:53]} {[%emt 00:03:13]}
11. Bxe5 {[%clk 01:27:37]} {[%emt 00:00:02]} Qd7 {[%clk 01:22:54]} {[%emt
00:00:29]} 12. Re1 {[%clk 01:28:05]} {[%emt 00:00:02]} Bh3 {[%clk 01:20:42]}
{[%emt 00:02:41]} 13. Bh1 {[%clk 01:28:33]} {[%emt 00:00:02]} Be6 {[%clk
01:08:30]} {[%emt 00:12:42]} 14. Nd2 {[%clk 01:28:44]} {[%emt 00:00:18]} Rfd8
{[%clk 01:08:48]} {[%emt 00:00:13]} 15. Qb2 {[%clk 01:28:09]} {[%emt 00:01:06]}
Ne8 {[%clk 01:02:30]} {[%emt 00:06:48]} 16. Bxg7 {[%clk 01:28:31]} {[%emt
00:00:07]} Nxg7 {[%clk 01:02:56]} {[%emt 00:00:04]} 17. Nf3 {[%clk 01:28:57]}
{[%emt 00:00:05]} Nf5 {[%clk 01:01:41]} {[%emt 00:01:45]} 18. Ng5 {[%clk
01:29:25]} {[%emt 00:00:02]} d4 {[%clk 01:00:12]} {[%emt 00:01:58]} 19. b4
{[%clk 01:28:40]} {[%emt 00:01:15]} Ng7 {[%clk 00:55:04]} {[%emt 00:05:39]} 20.
a4 {[%clk 01:28:46]} {[%emt 00:00:24]} h6 {[%clk 00:55:08]} {[%emt 00:00:25]}
21. Ne4 {[%clk 01:28:40]} {[%emt 00:00:35]} Bf5 {[%clk 00:52:58]} {[%emt
00:02:42]} 22. a5 {[%clk 01:29:09]} {[%emt 00:00:01]} Bxe4 {[%clk 00:52:32]}
{[%emt 00:00:55]} 23. Bxe4 {[%clk 01:29:37]} {[%emt 00:00:02]} Rac8 {[%clk
00:52:42]} {[%emt 00:00:21]} 24. a6 {[%clk 01:29:07]} {[%emt 00:01:00]} b6
{[%clk 00:52:55]} {[%emt 00:00:15]} 25. b5 {[%clk 01:29:14]} {[%emt 00:00:24]}
c5 {[%clk 00:51:46]} {[%emt 00:01:40]} 26. Rad1 {[%clk 01:29:19]} {[%emt
00:00:25]} Ne6 {[%clk 00:48:38]} {[%emt 00:03:38]} 27. e3 {[%clk 01:28:35]}
{[%emt 00:01:14]} Ng7 {[%clk 00:42:14]} {[%emt 00:06:54]} 28. Qd2 {[%clk
01:28:02]} {[%emt 00:01:03]} Kh7 {[%clk 00:40:17]} {[%emt 00:02:26]} 29. Qe2
{[%clk 01:28:30]} {[%emt 00:00:02]} e6 {[%clk 00:40:12]} {[%emt 00:00:35]} 30.
h4 {[%clk 01:28:52]} {[%emt 00:00:08]} h5 {[%clk 00:40:03]} {[%emt 00:00:40]}
31. Qf3 {[%clk 01:29:15]} {[%emt 00:00:06]} Qe7 {[%clk 00:39:08]} {[%emt
00:01:24]} 32. Kg2 {[%clk 01:29:37]} {[%emt 00:00:09]} Kg8 {[%clk 00:37:44]}
{[%emt 00:01:54]} 33. Qf4 {[%clk 01:29:57]} {[%emt 00:00:10]} Ne8 {[%clk
00:37:26]} {[%emt 00:00:49]} 34. Rh1 {[%clk 01:30:13]} {[%emt 00:00:14]} Qf6
{[%clk 00:37:33]} {[%emt 00:00:23]} 35. Qh6 {[%clk 01:28:42]} {[%emt 00:02:00]}
Qg7 {[%clk 00:37:53]} {[%emt 00:00:09]} 36. Qg5 {[%clk 01:28:44]} {[%emt
00:00:28]} Nf6 {[%clk 00:34:09]} {[%emt 00:04:15]} 37. Bb7 {[%clk 01:28:36]}
{[%emt 00:00:38]} Rc7 {[%clk 00:33:28]} {[%emt 00:01:12]} 38. e4 {[%clk
01:25:32]} {[%emt 00:03:34]} Rf8 {[%clk 00:31:20]} {[%emt 00:02:37]} 39. Qf4
{[%clk 01:23:33]} {[%emt 00:02:28]} Ne8 {[%clk 00:31:33]} {[%emt 00:00:18]} 40.
Bc6 {[%clk 01:24:01]} {[%emt 00:00:02]} e5 {[%clk 00:31:48]} {[%emt 00:00:16]}
41. Qd2 {[%clk 01:24:13]} {[%emt 00:00:18]} Nf6 {[%clk 00:32:02]} {[%emt
00:00:16]} 42. f3 {[%clk 01:24:21]} {[%emt 00:00:22]} Kh7 {[%clk 00:29:03]}
{[%emt 00:03:29]} 43. Qg5 {[%clk 01:24:30]} {[%emt 00:00:20]} Ne8 {[%clk
00:27:41]} {[%emt 00:01:53]} 44. Qd8 {[%clk 01:24:31]} {[%emt 00:00:28]} Qf6
{[%clk 00:28:04]} {[%emt 00:00:06]} 45. Qb8 {[%clk 01:23:22]} {[%emt 00:01:40]}
Qe7 {[%clk 00:27:23]} {[%emt 00:01:11]} 46. Bb7 {[%clk 01:23:50]} {[%emt
00:00:02]} Nd6 {[%clk 00:27:29]} {[%emt 00:00:24]} 47. Qxa7 {[%clk 01:24:14]}
{[%emt 00:00:07]} Nc8 {[%clk 00:27:54]} {[%emt 00:00:04]} 48. Qb8 {[%clk
01:23:50]} {[%emt 00:00:54]} Nd6 {[%clk 00:28:18]} {[%emt 00:00:06]} 49. Qa7
{[%clk 01:20:26]} {[%emt 00:03:55]} Nc8 {[%clk 00:28:35]} {[%emt 00:00:12]}
1/2-1/2

[Event "XLIV Memoriał Szachowy Ludwika Zamenhofa 2025, Grupa A"]
[Site "Białystok, Poland"]
[Date "2025.12.30"]
[Round "7.21"]
[White "Ejsymont, Blanka"]
[Black "Buklaho, Ignacy"]
[Result "1/2-1/2"]
[TimeControl "90'+30\""]
[WhiteElo "2049"]
[BlackElo "2049"]

1. e4 {[%clk 01:30:59]} c6 {[%clk 01:30:55]} {[%emt 00:00:06]} 2. d4 {[%clk
01:31:25]} {[%emt 00:00:04]} d5 {[%clk 01:31:21]} {[%emt 00:00:03]} 3. exd5
{[%clk 01:31:50]} {[%emt 00:00:05]} cxd5 {[%clk 01:31:45]} {[%emt 00:00:06]} 4.
Bd3 {[%clk 01:32:16]} {[%emt 00:00:04]} Nc6 {[%clk 01:32:11]} {[%emt 00:00:05]}
5. c3 {[%clk 01:32:39]} {[%emt 00:00:07]} Nf6 {[%clk 01:32:35]} {[%emt
00:00:06]} 6. Bf4 {[%clk 01:33:02]} {[%emt 00:00:06]} Bg4 {[%clk 01:32:57]}
{[%emt 00:00:08]} 7. Qb3 {[%clk 01:33:12]} {[%emt 00:00:20]} Qd7 {[%clk
01:33:15]} {[%emt 00:00:13]} 8. Nd2 {[%clk 01:33:15]} {[%emt 00:00:26]} e6
{[%clk 01:33:39]} {[%emt 00:00:06]} 9. Ngf3 {[%clk 01:33:40]} {[%emt 00:00:05]}
Bd6 {[%clk 01:34:04]} {[%emt 00:00:04]} 10. Bxd6 {[%clk 01:34:06]} {[%emt
00:00:05]} Qxd6 {[%clk 01:34:30]} {[%emt 00:00:04]} 11. O-O {[%clk 01:34:28]}
{[%emt 00:00:08]} O-O {[%clk 01:34:55]} {[%emt 00:00:05]} 12. Rfe1 {[%clk
01:34:31]} {[%emt 00:00:26]} Nd7 {[%clk 01:34:15]} {[%emt 00:01:11]} 13. Qc2
{[%clk 01:30:37]} {[%emt 00:04:24]} h6 {[%clk 01:29:30]} {[%emt 00:05:15]} 14.
h3 {[%clk 01:30:01]} {[%emt 00:01:06]} Bxf3 {[%clk 01:29:45]} {[%emt 00:00:15]}
15. Nxf3 {[%clk 01:30:24]} {[%emt 00:00:06]} a6 {[%clk 01:29:33]} {[%emt
00:00:42]} 16. Qe2 {[%clk 01:26:25]} {[%emt 00:04:29]} Rac8 {[%clk 01:25:32]}
{[%emt 00:04:32]} 17. Ne5 {[%clk 01:02:34]} {[%emt 00:24:22]} Ndxe5 {[%clk
01:23:29]} {[%emt 00:02:32]} 18. dxe5 {[%clk 01:02:54]} {[%emt 00:00:10]} Qc5
{[%clk 01:22:52]} {[%emt 00:01:06]} 19. Rad1 {[%clk 00:59:59]} {[%emt
00:03:25]} Rfd8 {[%clk 01:21:08]} {[%emt 00:02:14]} 20. Bb1 {[%clk 00:53:22]}
{[%emt 00:07:08]} d4 {[%clk 01:18:21]} {[%emt 00:03:18]} 21. c4 {[%clk
00:46:54]} {[%emt 00:06:58]} Rd7 {[%clk 01:03:24]} {[%emt 00:15:27]} 22. Qe4
{[%clk 00:45:23]} {[%emt 00:02:00]} g6 {[%clk 01:02:29]} {[%emt 00:01:25]} 23.
b3 {[%clk 00:42:54]} {[%emt 00:03:00]} Rcd8 {[%clk 01:01:25]} {[%emt 00:01:33]}
24. Bd3 {[%clk 00:34:27]} {[%emt 00:08:57]} Nb4 {[%emt 00:02:50]} 25. Rd2
{[%clk 00:32:26]} {[%emt 00:02:28]} a5 {[%clk 00:49:29]} {[%emt 00:10:10]} 26.
a4 {[%emt 00:07:47]} Qe7 {[%clk 00:46:27]} {[%emt 00:00:27]} 27. Red1 {[%clk
00:26:12]} {[%emt 00:02:31]} Na6 {[%clk 00:43:44]} {[%emt 00:03:13]} 28. Qf4
{[%clk 00:23:57]} {[%emt 00:02:44]} h5 {[%clk 00:41:25]} {[%emt 00:02:49]} 29.
Bc2 {[%clk 00:23:13]} {[%emt 00:01:15]} Qc5 {[%clk 00:36:19]} {[%emt 00:05:36]}
30. Qe4 {[%clk 00:19:23]} {[%emt 00:04:20]} Qb6 {[%clk 00:32:52]} {[%emt
00:03:57]} 31. Qf4 {[%clk 00:16:40]} {[%emt 00:03:13]} Qc5 {[%clk 00:21:31]}
{[%emt 00:11:51]} 32. Qe4 {[%clk 00:16:49]} {[%emt 00:00:20]} Nb4 {[%clk
00:19:38]} {[%emt 00:02:25]} 33. Bd3 {[%clk 00:16:59]} {[%emt 00:00:19]} Nc6
{[%clk 00:20:01]} {[%emt 00:00:07]} 34. Re2 {[%clk 00:15:50]} {[%emt 00:01:39]}
Qb4 {[%clk 00:17:29]} {[%emt 00:03:01]} 35. Rb2 {[%clk 00:10:50]} {[%emt
00:05:31]} Qc3 {[%clk 00:17:03]} {[%emt 00:00:56]} 36. Qe2 {[%clk 00:09:14]}
{[%emt 00:02:06]} Nb4 {[%clk 00:14:12]} {[%emt 00:03:21]} 37. Rbb1 {[%clk
00:08:26]} {[%emt 00:01:18]} Na6 {[%clk 00:13:53]} {[%emt 00:00:49]} 38. Rdc1
{[%clk 00:08:24]} {[%emt 00:00:32]} Qb4 {[%clk 00:14:18]} {[%emt 00:00:06]} 39.
Qe1 {[%clk 00:06:39]} {[%emt 00:02:13]} Nc5 {[%clk 00:12:27]} {[%emt 00:02:23]}
40. Qxb4 {[%clk 00:06:12]} {[%emt 00:00:56]} axb4 {[%clk 00:12:55]} {[%emt
00:00:01]} 41. Rd1 {[%clk 00:06:41]} {[%emt 00:00:01]} Kg7 {[%clk 00:12:52]}
{[%emt 00:00:34]} 42. f3 {[%clk 00:05:39]} {[%emt 00:01:33]} f6 {[%clk
00:13:02]} {[%emt 00:00:19]} 43. exf6+ {[%clk 00:05:57]} {[%emt 00:00:12]} Kxf6
{[%clk 00:13:30]} {[%emt 00:00:01]} 44. Kf2 {[%clk 00:06:21]} {[%emt 00:00:07]}
g5 {[%clk 00:12:49]} {[%emt 00:01:11]} 45. Ke2 {[%clk 00:06:36]} {[%emt
00:00:15]} Rg8 {[%clk 00:10:43]} {[%emt 00:02:36]} 46. Rf1 {[%clk 00:05:12]}
{[%emt 00:01:53]} Ke5 {[%clk 00:09:53]} {[%emt 00:01:21]} 47. Kd2 {[%clk
00:04:04]} {[%emt 00:01:37]} Kf4 {[%clk 00:07:37]} {[%emt 00:02:47]} 48. Kc2
{[%clk 00:04:07]} {[%emt 00:00:27]} Re7 {[%clk 00:03:26]} {[%emt 00:04:40]} 49.
Rbe1 {[%clk 00:02:26]} {[%emt 00:02:11]} e5 {[%clk 00:03:18]} {[%emt 00:00:40]}
50. Re2 {[%clk 00:02:27]} {[%emt 00:00:28]} h4 {[%clk 00:02:18]} {[%emt
00:01:30]} 51. Rfe1 {[%clk 00:02:22]} {[%emt 00:00:33]} Re6 {[%clk 00:01:40]}
{[%emt 00:01:10]} 52. Rf1 {[%clk 00:01:38]} {[%emt 00:01:13]} Rge8 {[%clk
00:01:37]} {[%emt 00:00:34]} 53. Be4 {[%clk 00:01:11]} {[%emt 00:00:57]} Rd6
{[%clk 00:01:32]} {[%emt 00:00:35]} 54. Bd3 {[%clk 00:01:28]} {[%emt 00:00:13]}
b6 {[%clk 00:01:28]} {[%emt 00:00:35]} 55. Rfe1 {[%clk 00:01:15]} {[%emt
00:00:38]} Rde6 {[%clk 00:01:27]} {[%emt 00:00:35]} 56. Rf1 {[%clk 00:00:58]}
{[%emt 00:00:46]} Rc8 {[%clk 00:00:44]} {[%emt 00:01:14]} 57. Rfe1 {[%clk
00:00:59]} {[%emt 00:00:26]} Re7 {[%clk 00:00:54]} {[%emt 00:00:23]} 58. Be4
{[%clk 00:00:31]} {[%emt 00:00:57]} Rd7 {[%clk 00:01:02]} {[%emt 00:00:23]} 59.
Bd3 {[%clk 00:00:53]} {[%emt 00:00:07]} Re7 {[%clk 00:01:00]} {[%emt 00:00:33]}
60. Be4 {[%clk 00:01:05]} {[%emt 00:00:18]} Rd8 {[%clk 00:01:01]} {[%emt
00:00:29]} 61. Bd3 {[%clk 00:01:10]} {[%emt 00:00:25]} Rde8 {[%clk 00:01:12]}
{[%emt 00:00:19]} 62. Be4 {[%clk 00:01:28]} {[%emt 00:00:11]} Rd8 {[%clk
00:00:52]} {[%emt 00:00:51]} 63. Bd3 {[%clk 00:01:52]} {[%emt 00:00:06]} Rdd7
{[%clk 00:00:37]} {[%emt 00:00:45]} 64. Rf1 {[%clk 00:01:55]} {[%emt 00:00:26]}
Re8 {[%clk 00:00:52]} {[%emt 00:00:15]} 65. Rfe1 {[%clk 00:01:41]} {[%emt
00:00:45]} Re6 {[%clk 00:01:10]} {[%emt 00:00:13]} 66. Rf1 {[%clk 00:01:26]}
{[%emt 00:00:44]} Ree7 {[%clk 00:01:10]} {[%emt 00:00:29]} 67. Rfe1 {[%clk
00:01:41]} {[%emt 00:00:15]} Re8 {[%clk 00:01:35]} {[%emt 00:00:05]} 68. Rf1
{[%clk 00:01:19]} {[%emt 00:00:52]} Rd6 {[%clk 00:00:41]} {[%emt 00:01:25]} 69.
Rfe1 {[%clk 00:01:27]} {[%emt 00:00:22]} Rc6 {[%clk 00:00:48]} {[%emt
00:00:23]} 70. Rd1 {[%clk 00:00:50]} {[%emt 00:01:06]} Rc7 {[%clk 00:00:42]}
{[%emt 00:00:37]} 71. Kb2 {[%clk 00:00:38]} {[%emt 00:00:41]} Rd7 {[%clk
00:00:36]} {[%emt 00:00:36]} 72. Kc2 {[%clk 00:00:55]} {[%emt 00:00:14]} Rde7
{[%clk 00:00:39]} {[%emt 00:00:27]} 73. Be4 {[%clk 00:01:00]} {[%emt 00:00:25]}
Rd7 {[%clk 00:00:41]} {[%emt 00:00:28]} 74. Bd3 {[%clk 00:01:06]} {[%emt
00:00:23]} b5 {[%clk 00:00:38]} {[%emt 00:00:34]} 75. cxb5 {[%clk 00:00:57]}
{[%emt 00:00:39]} Rc7 {[%clk 00:00:43]} {[%emt 00:00:24]} 76. Kb2 {[%emt
00:01:16]} Rb8 {[%emt 00:00:03]} 77. Rc2 {[%clk 01:30:30]} {[%emt 00:00:32]}
Ke3 {[%emt 00:01:13]} 78. Ka2 Kf4 {[%emt 00:00:32]} 79. Re2 {[%emt 00:00:01]}
1/2-1/2